[Event "LSS WC-2013-P-00018"]
[Site "LSS email"]
[Date "2009.02.14"]
[Round "?"]
[White "Horak, Jiri"]
[Black "Milner, Trevor"]
[Result "1-0"]
[WhiteElo "2158"]
[BlackElo "1531"]
[PlyCount "49"]
[EventDate "2009.02.18"]
[EventType "tourn (corr)"]
[EventRounds "6"]
[EventCountry "GER"]
[SourceTitle "Corr 2011"]
[Source "ChessBase"]
[SourceDate "2010.08.31"]
[SourceVersion "1"]
[SourceVersionDate "2010.08.31"]
[SourceQuality "1"]

1. d4 Nf6 2. c4 e6 3. Nf3 d5 4. Nc3 Be7 5. Bf4 0-0 6. e3 c5 7. dxc5 Bxc5 8. cxd5 exd5 9. Be2 Nc6 10. 0-0 Be6 11. Rc1 Rc8 12. a3 h6 13. h3 a6 14. Qa4 Qe7 15. Rfd1 Rfd8 16. Rd2 Bf5 17. Rcd1 Qe6 18. Bd3 Ne4 19. Bxe4 dxe4 20. Rxd8+ Nxd8 21. Nd4 Bxd4 22. Qxd4 Qb3 23. Qe5 Qe6 24. Qa5 Nc6 25. Qb6 1-0

[Event "LSS WC-2013-P-00018"]
[Site "LSS email"]
[Date "2009.02.14"]
[Round "?"]
[White "Milner, Trevor"]
[Black "Domanov, Dmitry"]
[Result "0-1"]
[WhiteElo "1533"]
[BlackElo "2408"]
[PlyCount "46"]
[EventDate "2009.02.18"]
[EventType "tourn (corr)"]
[EventRounds "6"]
[EventCountry "GER"]
[SourceTitle "Telechess CBM 147"]
[Source "ChessBase"]
[SourceDate "2012.03.16"]
[SourceVersion "1"]
[SourceVersionDate "2012.03.16"]
[SourceQuality "1"]

1. d4 Nf6 2. Nf3 d5 3. c4 c6 4. Nc3 a6 5. c5 Bf5 6. Bf4 Nbd7 7. e3 e6 8. Be2 Be7 9. h3 b5 10. 0-0 h6 11. Bd3 Bxd3 12. Qxd3 0-0 13. Ne2 a5 14. a4 b4 15. Rae1 Ne4 16. Ne5 Nxe5 17. Bxe5 Re8 18. Ng3 Nxg3 19. Bxg3 Bf6 20. Bd6 Be7 21. Bh2 Bf6 22. e4 dxe4 23. Rxe4 Qd7 0-1

[Event "LSS WC-2013-P-00018"]
[Site "LSS email"]
[Date "2009.02.14"]
[Round "?"]
[White "Milner, Trevor"]
[Black "McDonald, Graham R"]
[Result "0-1"]
[WhiteElo "1531"]
[BlackElo "1926"]
[PlyCount "50"]
[EventDate "2009.02.18"]
[EventType "tourn (corr)"]
[EventRounds "6"]
[EventCountry "GER"]
[SourceTitle "Corr 2011"]
[Source "ChessBase"]
[SourceDate "2010.08.31"]
[SourceVersion "1"]
[SourceVersionDate "2010.08.31"]
[SourceQuality "1"]

1. d4 d5 2. c4 e6 3. Nc3 c6 4. e3 f5 5. Nf3 Nf6 6. Bd3 Bd6 7. b3 0-0 8. Bb2 Ne4 9. Qc2 Nd7 10. 0-0-0 Ndf6 11. Kb1 Nxc3+ 12. Bxc3 Ne4 13. Bb2 a5 14. a3 Bd7 15. Ne5 Bxe5 16. dxe5 Qe7 17. Rc1 b6 18. h4 Nc5 19. h5 h6 20. Rhg1 Qg5 21. Be2 f4 22. exf4 Rxf4 23. f3 Qxh5 24. g3 Rff8 25. f4 Qf5 0-1

[Event "LSS SD-2008-0-00023"]
[Site "LSS email"]
[Date "2009.02.08"]
[Round "?"]
[White "Schalkwijk, Peter H"]
[Black "Milner, Trevor"]
[Result "1/2-1/2"]
[WhiteElo "1513"]
[BlackElo "1484"]
[PlyCount "108"]
[EventDate "2008.11.24"]
[EventType "tourn (corr)"]
[EventRounds "6"]
[EventCountry "GER"]
[SourceTitle "Corr 2011"]
[Source "ChessBase"]
[SourceDate "2010.08.31"]
[SourceVersion "1"]
[SourceVersionDate "2010.08.31"]
[SourceQuality "1"]

1. d4 Nf6 2. Nf3 d5 3. e3 e6 4. Bd3 c5 5. c3 Nc6 6. Nbd2 Bd6 7. dxc5 Bxc5 8. 0-0 0-0 9. h3 Qc7 10. e4 Rd8 11. exd5 Nxd5 12. Qc2 h6 13. Nb3 Bf8 14. Bd2 b6 15. Rfe1 Bb7 16. Rad1 Rd7 17. Nbd4 Nxd4 18. Nxd4 Nf6 19. Be3 Rad8 20. Qe2 e5 21. Nf5 Qc6 22. f3 Qc7 23. Bc2 Bd5 24. a3 Be6 25. Rxd7 Rxd7 26. Kh1 Nh5 27. Qf2 Qd8 28. Re2 Qf6 29. Ng3 Nf4 30. Ne4 Qd8 31. Rd2 Qc7 32. Bxf4 exf4 33. Rxd7 Qxd7 34. Qd2 Qb5 35. Nf2 g6 36. Nd3 Bd6 37. Kg1 Bc4 38. b4 Qd5 39. Qd1 f5 40. Nb2 Qxd1+ 41. Bxd1 Bf7 42. Bc2 Kg7 43. Nd3 a6 44. Kf2 Kf6 45. Nc1 Be5 46. Ne2 h5 47. Bd3 b5 48. Nd4 h4 49. Ke2 Ke7 50. Nc6+ Kd6 51. Nxe5 Kxe5 52. Bc2 Bc4+ 53. Ke1 Kd5 54. a4 Kd6 1/2-1/2

[Event "LSS SD-2008-0-00023"]
[Site "LSS email"]
[Date "2009.02.06"]
[Round "?"]
[White "Milner, Trevor"]
[Black "Law, Stephen"]
[Result "1-0"]
[WhiteElo "1435"]
[BlackElo "1570"]
[PlyCount "37"]
[EventDate "2008.11.24"]
[EventType "tourn (corr)"]
[EventRounds "6"]
[EventCountry "GER"]
[SourceTitle "Corr 2011"]
[Source "ChessBase"]
[SourceDate "2010.08.31"]
[SourceVersion "1"]
[SourceVersionDate "2010.08.31"]
[SourceQuality "1"]

1. d4 d5 2. c4 dxc4 3. Nf3 Nf6 4. e3 e6 5. Bxc4 c5 6. 0-0 a6 7. Bb3 Nc6 8. Nc3 b5 9. Qe2 Qb6 10. d5 Na5 11. dxe6 Bxe6 12. Bxe6 Qxe6 13. e4 Be7 14. Ng5 Qc4 15. Qf3 0-0 16. b3 Qd4 17. Rd1 Qb4 18. Bd2 c4 19. e5 1-0

[Event "LSS SD-2008-0-00023"]
[Site "LSS email"]
[Date "2009.02.06"]
[Round "?"]
[White "Murphy, Jones"]
[Black "Milner, Trevor"]
[Result "0-1"]
[WhiteElo "1275"]
[BlackElo "1484"]
[PlyCount "54"]
[EventDate "2008.11.24"]
[EventType "tourn (corr)"]
[EventRounds "6"]
[EventCountry "GER"]
[SourceTitle "Corr 2011"]
[Source "ChessBase"]
[SourceDate "2010.08.31"]
[SourceVersion "1"]
[SourceVersionDate "2010.08.31"]
[SourceQuality "1"]

1. d4 Nf6 2. Nf3 g6 3. Nc3 d5 4. Bf4 Bg7 5. e3 0-0 6. Be2 c5 7. Ne5 Nc6 8. 0-0 cxd4 9. exd4 Qb6 10. Nxc6 Qxc6 11. Bb5 Qb6 12. a4 a6 13. a5 Qd8 14. Be2 Bf5 15. Re1 Rc8 16. Bd3 Bxd3 17. Qxd3 Re8 18. Be5 e6 19. Ra3 Ng4 20. Bxg7 Qh4 21. Qg3 Qxg3 22. hxg3 Kxg7 23. Rb3 e5 24. dxe5 d4 25. Nd5 Nxe5 26. Kf1 Rxc2 27. f4 Nc4 0-1

[Event "LSS CP-2008-P-00038"]
[Site "LSS email"]
[Date "2008.10.01"]
[Round "?"]
[White "Aguilar, Omar M"]
[Black "Milner, Trevor"]
[Result "0-1"]
[WhiteElo "1714"]
[BlackElo "1381"]
[PlyCount "30"]
[EventDate "2008.10.01"]
[EventType "tourn (corr)"]
[EventRounds "6"]
[EventCountry "GER"]
[SourceTitle "Corr 2013"]
[Source "ChessBase"]
[SourceDate "2012.11.12"]
[SourceVersion "1"]
[SourceVersionDate "2012.11.12"]
[SourceQuality "1"]
[WhiteTeam "US of America"]
[BlackTeam "US of America"]
[WhiteTeamCountry "USA"]
[BlackTeamCountry "USA"]

1. Nf3 Nf6 2. g3 g6 3. Bg2 Bg7 4. d3 d5 5. 0-0 0-0 6. Nbd2 Nc6 7. c3 e5 8. e4 a5 9. Qe2 d4 10. Nc4 Nd7 11. a4 Nc5 12. Rd1 Be6 13. Ng5 Bxc4 14. dxc4 Nb3 15. Rb1 Nxc1 0-1

[Event "LSS CP-2008-P-00038"]
[Site "LSS email"]
[Date "2008.10.01"]
[Round "?"]
[White "Milner, Trevor"]
[Black "Kelbl, Jiri"]
[Result "1/2-1/2"]
[WhiteElo "1381"]
[BlackElo "1068"]
[PlyCount "60"]
[EventDate "2008.10.01"]
[EventType "tourn (corr)"]
[EventRounds "6"]
[EventCountry "GER"]
[SourceTitle "Corr 2013"]
[Source "ChessBase"]
[SourceDate "2012.11.12"]
[SourceVersion "1"]
[SourceVersionDate "2012.11.12"]
[SourceQuality "1"]
[WhiteTeam "US of America"]
[BlackTeam "US of America"]
[WhiteTeamCountry "USA"]
[BlackTeamCountry "USA"]

1. d4 d5 2. c4 dxc4 3. Nf3 Nf6 4. e3 e6 5. Bxc4 c5 6. 0-0 a6 7. Qe2 b5 8. Bb3 Bb7 9. a4 Nbd7 10. axb5 axb5 11. Rxa8 Qxa8 12. Nc3 b4 13. Nb5 Qb8 14. e4 cxd4 15. Nbxd4 Bd6 16. Bc2 0-0 17. Rd1 Rc8 18. Bb1 Ne5 19. h3 h6 20. Nxe5 Bxe5 21. Nf3 Bf4 22. Bd2 Bxd2 23. Nxd2 Qe5 24. Nc4 Ba6 25. Nxe5 Bxe2 26. Re1 Bb5 27. Bd3 Bxd3 28. Nxd3 Rc2 29. b3 Rc3 30. Nxb4 Rxb3 1/2-1/2

[Event "LSS CP-2008-P-00038"]
[Site "LSS email"]
[Date "2008.10.01"]
[Round "?"]
[White "Milner, Trevor"]
[Black "Luers, Charles J"]
[Result "1/2-1/2"]
[WhiteElo "1381"]
[BlackElo "1912"]
[PlyCount "84"]
[EventDate "2008.10.01"]
[EventType "tourn (corr)"]
[EventRounds "6"]
[EventCountry "GER"]
[SourceTitle "Corr 2013"]
[Source "ChessBase"]
[SourceDate "2012.11.12"]
[SourceVersion "1"]
[SourceVersionDate "2012.11.12"]
[SourceQuality "1"]
[WhiteTeam "US of America"]
[BlackTeam "US of America"]
[WhiteTeamCountry "USA"]
[BlackTeamCountry "USA"]

1. d4 Nf6 2. c4 e6 3. Nf3 b6 4. Nc3 Bb4 5. Bg5 Bb7 6. e3 h6 7. Bh4 c5 8. Bd3 cxd4 9. exd4 Bxc3+ 10. bxc3 d6 11. 0-0 0-0 12. Nd2 Nbd7 13. Ne4 Bxe4 14. Bxe4 Rc8 15. Bd3 Qc7 16. Re1 Rfe8 17. Rc1 Qc6 18. a4 Rb8 19. a5 bxa5 20. Ra1 Qb6 21. Bg3 e5 22. c5 Qc6 23. Bc2 exd4 24. Rxe8+ Rxe8 25. cxd4 dxc5 26. Ba4 Qd5 27. dxc5 Qxc5 28. Rc1 Qf5 29. h3 Ra8 30. Rc7 Nf8 31. Qc1 Ne4 32. Bb3 Ne6 33. Rc8+ Rxc8 34. Qxc8+ Kh7 35. Bc2 Qg6 36. Be5 N6g5 37. Kh2 Qb6 38. f4 Nf3+ 39. gxf3 Qf2+ 40. Kh1 Qxf3+ 41. Kg1 Qg3+ 42. Kh1 Qf3+ 1/2-1/2

[Event "LSS CP-2008-P-00038"]
[Site "LSS email"]
[Date "2008.10.01"]
[Round "?"]
[White "Milner, Trevor"]
[Black "Muller, Henri Louis"]
[Result "0-1"]
[WhiteElo "1381"]
[BlackElo "2136"]
[PlyCount "82"]
[EventDate "2008.10.01"]
[EventType "tourn (corr)"]
[EventRounds "6"]
[EventCountry "GER"]
[SourceTitle "Corr 2013"]
[Source "ChessBase"]
[SourceDate "2012.11.12"]
[SourceVersion "1"]
[SourceVersionDate "2012.11.12"]
[SourceQuality "1"]
[WhiteTeam "US of America"]
[BlackTeam "US of America"]
[WhiteTeamCountry "USA"]
[BlackTeamCountry "USA"]

1. d4 Nf6 2. c4 e6 3. Nf3 d5 4. g3 dxc4 5. Bg2 a6 6. 0-0 Nc6 7. e3 Bd7 8. Qe2 b5 9. Ne5 Nd5 10. Nxd7 Qxd7 11. Rd1 Be7 12. b3 cxb3 13. axb3 0-0 14. e4 Nf6 15. Be3 Nb4 16. Na3 h6 17. Nc2 a5 18. Nxb4 Bxb4 19. g4 a4 20. bxa4 Bc3 21. Rab1 b4 22. h4 Rxa4 23. g5 hxg5 24. hxg5 Ne8 25. e5 g6 26. Qc4 Ra5 27. Bc6 Qe7 28. f4 Ng7 29. Rd3 Qd8 30. Bd2 Bxd2 31. Rxd2 Nh5 32. Qxb4 Ra6 33. Qc4 Ra3 34. d5 Rf3 35. Rg2 Rxf4 36. Qc5 Rf5 37. Qe3 exd5 38. Rg4 Rf4 39. Rb4 d4 40. Qe2 Qe7 41. Rb5 d3 0-1

[Event "LSS CP-2008-P-00038"]
[Site "LSS email"]
[Date "2008.10.01"]
[Round "?"]
[White "Schibuola, Francesco"]
[Black "Milner, Trevor"]
[Result "0-1"]
[WhiteElo "2047"]
[BlackElo "1484"]
[PlyCount "80"]
[EventDate "2008.10.01"]
[EventType "tourn (corr)"]
[EventRounds "6"]
[EventCountry "GER"]
[SourceTitle "Corr 2011"]
[Source "ChessBase"]
[SourceDate "2010.08.31"]
[SourceVersion "1"]
[SourceVersionDate "2010.08.31"]
[SourceQuality "1"]

1. d4 Nf6 2. Nf3 e6 3. Bg5 c5 4. e3 Be7 5. Bd3 b6 6. Nbd2 Bb7 7. c3 Nc6 8. Qc2 cxd4 9. exd4 Nd5 10. Bxe7 Ncxe7 11. g3 Rc8 12. Qa4 a6 13. 0-0 0-0 14. c4 Nf6 15. Rac1 d6 16. Rfe1 Bc6 17. Qa3 Qd7 18. c5 dxc5 19. dxc5 Bxf3 20. Nxf3 Rxc5 21. Rxc5 bxc5 22. Rc1 Nfd5 23. Ng5 Nf6 24. Rxc5 Rd8 25. Nf3 Qxd3 26. Qxd3 Rxd3 27. Kg2 Nfd5 28. Ra5 Nc7 29. Ne5 Rd2 30. b3 Rd5 31. Rxd5 Nexd5 32. Nc6 Kf8 33. f4 Ke8 34. Kf3 Nc3 35. a4 f6 36. Ke3 Kd7 37. Na5 N7d5+ 38. Kd4 Kc7 39. Nc4 h6 40. Nd2 g5 0-1

[Event "LSS SN-2006-0-00005"]
[Site "LSS email"]
[Date "2006.09.05"]
[Round "?"]
[White "Pehl, Ferenc"]
[Black "Milner, Trevor"]
[Result "0-1"]
[WhiteElo "841"]
[BlackElo "1533"]
[PlyCount "22"]
[EventDate "2006.07.29"]
[EventType "tourn (corr)"]
[EventRounds "10"]
[EventCountry "GER"]
[SourceTitle "Corr 2015"]
[Source "ChessBase"]
[SourceDate "2015.07.17"]
[SourceVersion "1"]
[SourceVersionDate "2015.07.17"]
[SourceQuality "1"]

1. e4 d5 2. exd5 Nf6 3. Nc3 Nxd5 4. Nxd5 Qxd5 5. d4 Nc6 6. Be3 Bf5 7. c3 0-0-0 8. Nf3 e5 9. dxe5 Qa5 10. Qb3 Nb4 11. a3 Nc2+ 0-1

[Event "FICGS class E 000008 email"]
[Site "FICGS email"]
[Date "2006.07.06"]
[Round "1"]
[White "Keyston, Ron"]
[Black "Milner, Trevor"]
[Result "1-0"]
[WhiteElo "1200"]
[BlackElo "1283"]
[PlyCount "87"]
[EventDate "2006.??.??"]
[EventType "tourn (corr)"]
[EventRounds "5"]
[SourceTitle "Corr 2022"]
[Source "ChessBase"]
[SourceDate "2021.10.24"]
[SourceVersion "1"]
[SourceVersionDate "2021.10.24"]
[SourceQuality "1"]

1. e4 c5 2. d4 cxd4 3. c3 dxc3 4. Nxc3 Nc6 5. Nf3 e6 6. Bc4 d6 7. 0-0 Be7 8. Qe2 a6 9. Rd1 b5 10. Bb3 Ra7 11. e5 Rd7 12. exd6 Bxd6 13. Ne4 Be7 14. Bf4 Nf6 15. Rxd7 Bxd7 16. Rd1 0-0 17. Ne5 Nd5 18. Qf3 Nxe5 19. Bxe5 b4 20. h3 f6 21. Bxd5 exd5 22. Rxd5 Qe8 23. Bd6 Be6 24. Ra5 f5 25. Bxe7 Qxe7 26. Nc5 Bxa2 27. Qf4 Bd5 28. Nxa6 Qb7 29. Nxb4 Be4 30. Qd6 Bxg2 31. Qe6+ Kh8 32. Rxf5 Rc8 33. Rf7 Bxh3 34. Rxb7 Bxe6 35. Rb6 Bg8 36. Kg2 g5 37. Kg3 Rc1 38. Kg4 Rg1+ 39. Kf5 Kg7 40. Nc6 Ba2 41. Rb7+ Kh6 42. Ne5 Bb1+ 43. Kf6 Kh5 44. Rb3 1-0

[Event "IECC Swiss-496.2"]
[Site "IECC email"]
[Date "2005.10.17"]
[Round "?"]
[White "Milner, Trevor"]
[Black "Basson, Heinrich"]
[Result "1-0"]
[WhiteElo "1101"]
[BlackElo "1747"]
[PlyCount "79"]
[EventDate "2005.??.??"]
[EventType "swiss (corr)"]
[EventRounds "1"]
[SourceTitle "Corr 2008"]
[Source "ChessBase"]
[SourceDate "2008.06.24"]
[SourceVersion "1"]
[SourceVersionDate "2008.06.24"]
[SourceQuality "1"]

1. d4 d5 2. c4 e6 3. Nc3 Nf6 4. Nf3 Be7 5. Qc2 Nc6 6. e3 0-0 7. a3 a6 8. b3 b6 9. cxd5 exd5 10. Bd3 Re8 11. 0-0 Nb8 12. e4 dxe4 13. Nxe4 Bb7 14. Neg5 g6 15. Re1 Rf8 16. Ne5 b5 17. Ngf3 Bd5 18. Bg5 Re8 19. Bxf6 Bxf6 20. Be4 c6 21. Bxd5 cxd5 22. Ng4 Be7 23. Qc1 Qd6 24. Ng5 Rf8 25. Nxh7 Kxh7 26. Qh6+ Kg8 27. Re3 g5 28. Qh3 Kg7 29. Rxe7 Nc6 30. Rd7 Qg6 31. Ne3 Rad8 32. Nf5+ Kg8 33. Rc7 g4 34. Qh6 Qxf5 35. Rxc6 a5 36. Rf6 Qh7 37. Qf4 Qg7 38. Rf5 f6 39. f3 Rfe8 40. Rxf6 1-0

[Event "IECC KO-1052"]
[Site "IECC email"]
[Date "2005.10.06"]
[Round "?"]
[White "Stoffers, Ben"]
[Black "Milner, Trevor"]
[Result "1/2-1/2"]
[WhiteElo "1287"]
[BlackElo "1153"]
[PlyCount "111"]
[EventDate "2005.??.??"]
[EventType "match (corr)"]
[EventRounds "2"]
[SourceTitle "Corr 2020"]
[Source "ChessBase"]
[SourceDate "2019.09.30"]
[SourceVersion "1"]
[SourceVersionDate "2019.09.30"]
[SourceQuality "1"]
[WhiteTeam "Netherlands"]
[BlackTeam "England"]
[WhiteTeamCountry "NED"]
[BlackTeamCountry "ENG"]

1. e4 c5 2. Nf3 e6 3. d4 cxd4 4. Nxd4 Nc6 5. Nc3 d6 6. Be3 Nf6 7. f4 e5 8. Nde2 Be7 9. Qd2 0-0 10. 0-0-0 Re8 11. Kb1 a6 12. f5 b5 13. Ng3 Qc7 14. Bd3 Nb8 15. h4 Bb7 16. h5 h6 17. Nd5 Bxd5 18. exd5 Nbd7 19. Be4 Rec8 20. Qd3 b4 21. Rhe1 a5 22. Rc1 Nc5 23. Bxc5 Qxc5 24. c4 a4 25. Qe2 Ra7 26. Bd3 Rac7 27. Ne4 Nxe4 28. Qxe4 Kf8 29. Rf1 Bf6 30. Rf3 Qa5 31. Rd1 Rc5 32. g3 Kg8 33. Rff1 R5c7 34. Rfe1 Qa7 35. Qg2 Rc5 36. Qf3 Qb7 37. Re2 Bg5 38. f6 Bxf6 39. Qe4 Qc7 40. Qh7+ Kf8 41. Rf2 Rxc4 42. Bxc4 Qxc4 43. Rc2 Qxc2+ 44. Qxc2 Rxc2 45. Kxc2 Bd8 46. Kd3 Bb6 47. Rc1 Ke7 48. Rc4 Bc5 49. a3 bxa3 50. bxa3 Bxa3 51. Rxa4 Bc5 52. Ke4 Kf6 53. g4 g6 54. hxg6 fxg6 55. Rc4 Bd4 56. Rc8 1/2-1/2

[Event "IECG TE.2005.P.01913"]
[Site "IECG email"]
[Date "2005.06.19"]
[Round "?"]
[White "Milner, Trevor"]
[Black "Tyutyunnik, Roman"]
[Result "1-0"]
[WhiteElo "800"]
[BlackElo "2383"]
[PlyCount "71"]
[EventDate "2005.06.19"]
[EventType "tourn (corr)"]
[EventRounds "8"]
[SourceTitle "Corr 2008"]
[Source "ChessBase"]
[SourceDate "2008.06.24"]
[SourceVersion "1"]
[SourceVersionDate "2008.06.24"]
[SourceQuality "1"]

1. d4 d5 2. e4 dxe4 3. Nc3 Nf6 4. f3 exf3 5. Nxf3 g6 6. Bf4 Bg7 7. Qd2 0-0 8. 0-0-0 Bg4 9. h3 Bxf3 10. gxf3 Nd5 11. Be5 Nc6 12. Bxg7 Kxg7 13. Ne4 e6 14. Qf2 Nce7 15. c4 Nb6 16. Qe3 Ned5 17. cxd5 Nxd5 18. Qf2 Qd7 19. Nc5 Qc6 20. Kb1 Rfd8 21. Rc1 b6 22. Ne4 Qd7 23. h4 h5 24. Qg3 c6 25. Be2 Ne3 26. Qe5+ Kf8 27. Qh8+ Ke7 28. Qf6+ Kf8 29. Ng5 Kg8 30. Bc4 Nxc4 31. Rxc4 Rac8 32. Rg1 Re8 33. d5 Qe7 34. Rf4 Qxf6 35. Rxf6 cxd5 36. Nxf7 1-0

[Event "IECG TE.2005.P.01913"]
[Site "IECG email"]
[Date "2005.06.19"]
[Round "?"]
[White "Tyutyunnik, Roman"]
[Black "Milner, Trevor"]
[Result "1-0"]
[WhiteElo "2383"]
[BlackElo "800"]
[PlyCount "73"]
[EventDate "2005.06.19"]
[EventType "tourn (corr)"]
[EventRounds "8"]
[SourceTitle "Corr 2008"]
[Source "ChessBase"]
[SourceDate "2008.06.24"]
[SourceVersion "1"]
[SourceVersionDate "2008.06.24"]
[SourceQuality "1"]

1. d4 d5 2. e4 dxe4 3. Nc3 Nf6 4. f3 Qxd4 5. Qxd4 Bd7 6. Nxe4 Nc6 7. Nxf6+ exf6 8. Qe4+ Be7 9. Bd2 0-0-0 10. 0-0-0 Bd6 11. Bb5 Kb8 12. Ne2 f5 13. Qa4 a6 14. Bxc6 Bxc6 15. Qb3 Rde8 16. Nd4 Bd7 17. Rhe1 Rd8 18. Qxf7 g6 19. Bg5 Rhf8 20. Qg7 Rg8 21. Qxh7 Rh8 22. Qf7 Rhf8 23. Qb3 Rc8 24. Be7 Bf4+ 25. Kb1 Rfe8 26. Nxf5 Bxf5 27. g4 Bxh2 28. gxf5 gxf5 29. Rd7 Bg3 30. Red1 Rh8 31. Rd8 Rcxd8 32. Rxd8+ Rxd8 33. Bxd8 Bd6 34. Qf7 b6 35. Qxf5 b5 36. f4 b4 37. Bg5 1-0

[Event "IECC Swiss-496.1"]
[Site "IECC email"]
[Date "2005.03.23"]
[Round "?"]
[White "Allen, Ralph C"]
[Black "Milner, Trevor"]
[Result "0-1"]
[WhiteElo "1521"]
[BlackElo "1071"]
[PlyCount "88"]
[EventDate "2005.??.??"]
[EventType "swiss (corr)"]
[EventRounds "1"]
[SourceTitle "Corr 2020"]
[Source "ChessBase"]
[SourceDate "2019.09.30"]
[SourceVersion "1"]
[SourceVersionDate "2019.09.30"]
[SourceQuality "1"]
[WhiteTeam "United States"]
[BlackTeam "England"]
[WhiteTeamCountry "USA"]
[BlackTeamCountry "ENG"]

1. d4 Nf6 2. Nf3 g6 3. c4 Bg7 4. Nc3 d5 5. Qb3 dxc4 6. Qxc4 0-0 7. e4 Na6 8. Be2 c5 9. d5 e6 10. 0-0 exd5 11. exd5 Bf5 12. Be3 Qb6 13. b3 Rfe8 14. Rad1 Rad8 15. h3 Qa5 16. Rfe1 Nd7 17. Na4 Nb4 18. Bg5 Nc2 19. Bxd8 Qxd8 20. Nxc5 Nb6 21. Qb5 Nxe1 22. Rxe1 Re7 23. Qa5 Qxd5 24. b4 Nc4 25. Bxc4 Rxe1+ 26. Nxe1 Qxc4 27. Qxa7 Qxb4 28. Nf3 Qb1+ 29. Kh2 Bf8 30. a4 Qc2 31. Nxb7 Qc7+ 32. Kh1 Be4 33. Qe3 Bxb7 34. Ng5 Qc2 35. a5 Qb1+ 36. Kh2 Bd6+ 37. f4 Qf5 38. Qe8+ Kg7 39. Nf3 Qxf4+ 40. Kg1 Bxf3 41. gxf3 Bc5+ 42. Kg2 Qd2+ 43. Kg3 Qg5+ 44. Kh2 Qg1# 0-1

[Event "IECG CN.2005.0.00391 email"]
[Site "IECG email"]
[Date "2005.03.16"]
[Round "?"]
[White "Cory, David"]
[Black "Milner, Trevor"]
[Result "0-1"]
[WhiteElo "676"]
[BlackElo "800"]
[PlyCount "38"]
[EventDate "2005.03.16"]
[EventType "tourn (corr)"]
[EventRounds "6"]
[SourceTitle "Corr 2008"]
[Source "ChessBase"]
[SourceDate "2008.06.24"]
[SourceVersion "1"]
[SourceVersionDate "2008.06.24"]
[SourceQuality "1"]

1. e4 c5 2. Qh5 Nf6 3. Qxc5 Nxe4 4. Qd5 Nf6 5. Qf3 Nc6 6. c3 e5 7. Bc4 d5 8. Bb3 e4 9. Qe3 Ne5 10. h3 Nd3+ 11. Kd1 Bc5 12. Kc2 Bxe3 13. fxe3 Nf2 14. Rh2 Qd6 15. Ne2 Qxh2 16. Na3 Qxg2 17. Nb5 0-0 18. Nf4 Qf1 19. Nc7 g5 0-1

[Event "IECC KO-1052"]
[Site "IECC email"]
[Date "2005.03.16"]
[Round "?"]
[White "Milner, Trevor"]
[Black "Nikolic, Dejan"]
[Result "1-0"]
[WhiteElo "1041"]
[BlackElo "1087"]
[PlyCount "29"]
[EventDate "2005.??.??"]
[EventType "match (corr)"]
[EventRounds "2"]
[SourceTitle "Corr 2020"]
[Source "ChessBase"]
[SourceDate "2019.09.30"]
[SourceVersion "1"]
[SourceVersionDate "2019.09.30"]
[SourceQuality "1"]
[WhiteTeam "England"]
[BlackTeam "SCG"]
[WhiteTeamCountry "ENG"]

1. e4 e5 2. Nf3 Nc6 3. Bc4 Bc5 4. c3 Nf6 5. d3 d6 6. Bb3 h6 7. Nbd2 0-0 8. 0-0 a6 9. Re1 b5 10. Nf1 Bg4 11. h3 Bxf3 12. Qxf3 Qd7 13. Bxh6 gxh6 14. Qxf6 Kh7 15. Ng3 1-0

[Event "IECC KO-1052"]
[Site "IECC email"]
[Date "2005.03.16"]
[Round "?"]
[White "Nikolic, Dejan"]
[Black "Milner, Trevor"]
[Result "0-1"]
[WhiteElo "1107"]
[BlackElo "1021"]
[PlyCount "28"]
[EventDate "2005.??.??"]
[EventType "match (corr)"]
[EventRounds "2"]
[SourceTitle "Corr 2020"]
[Source "ChessBase"]
[SourceDate "2019.09.30"]
[SourceVersion "1"]
[SourceVersionDate "2019.09.30"]
[SourceQuality "1"]
[WhiteTeam "SCG"]
[BlackTeam "England"]
[BlackTeamCountry "ENG"]

1. e4 c5 2. Nf3 Nc6 3. d4 cxd4 4. Nxd4 g6 5. Nc3 Bg7 6. Be3 Nf6 7. Be2 d6 8. 0-0 0-0 9. Nb3 Be6 10. f4 Rc8 11. f5 Bd7 12. Qd2 a6 13. a4 Na5 14. Nxa5 Qxa5 0-1